[Event "4NCL/Div3/SLO2 vs. PPA2"]
[Site "West Bromwich ENG"]
[Date "2003.05.24"]
[Round "9.4"]
[White "Young, Craig A"]
[Black "Acey, Gerald"]
[Result "1-0"]
[WhiteElo "2090"]
[BlackElo "2024"]
[PlyCount "79"]
[EventDate "2003.05.24"]

1. d4 d5 2. c4 e6 3. Nf3 Nf6 4. Nc3 Be7 5. Bf4 O-O 6. e3 c5 7. dxc5 Bxc5 8. Be2
dxc4 9. Qxd8 Rxd8 10. Bxc4 Nc6 11. O-O a6 12. Rfd1 b5 13. Rxd8+ Nxd8 14. Bb3
Bb7 15. Ne5 Nc6 16. Nxc6 Bxc6 17. Rd1 Be7 18. Bc7 Kf8 19. h3 Ke8 20. a3 Rc8 21.
Ba5 Ne4 22. Nxe4 Bxe4 23. f3 Bc6 24. Bc3 g6 25. Kf2 Bd7 26. Be5 a5 27. Rd2 a4
28. Bd1 b4 29. axb4 Bxb4 30. Rd4 Bc5 31. Rh4 a3 32. bxa3 Bxa3 33. Rxh7 Ke7 34.
f4 Rc1 35. Bf3 Bb4 36. Be4 Be1+ 37. Kf3 Ba4 38. Kg4 Bd1+ 39. Kg5 Bh5 40. g4 1-0

[Event "4NCL/Div3/SLO2 vs. PPA2"]
[Site "West Bromwich ENG"]
[Date "2003.05.24"]
[Round "9.5"]
[White "Foster, James J"]
[Black "Winfridsson, Ola"]
[Result "1/2-1/2"]
[WhiteElo "2081"]
[BlackElo "2038"]
[PlyCount "78"]
[EventDate "2003.05.24"]

1. c4 e6 2. e4 d5 3. Nc3 dxe4 4. Nxe4 Nf6 5. Nxf6+ Qxf6 6. Qf3 Qxf3 7. Nxf3 Nc6
8. d4 Bb4+ 9. Bd2 Bxd2+ 10. Kxd2 Ke7 11. Rd1 Rd8 12. Kc3 a5 13. g3 Rb8 14. a4
Nb4 15. Bg2 Bd7 16. b3 c6 17. Ne5 Be8 18. Nd3 Nxd3 19. Rxd3 b5 20. axb5 cxb5
21. c5 b4+ 22. Kb2 Rbc8 23. Rc1 Bc6 24. Bxc6 Rxc6 25. Rc4 Rd5 26. f4 {=} f6 27.
Re3 e5 28. Re1 Kf7 29. Ra1 exd4 30. Rxa5 d3 31. Rc1 Re6 32. Rd1 Re2+ 33. Kc1
Rc2+ 34. Kb1 Rxh2 35. Rb5 Rg2 36. Rxb4 Rxc5 37. Rxd3 Rgc2 38. Rb7+ Kg6 39. Rdd7
Rg2 1/2-1/2

[Event "4NCL/Div3/SLO2 vs. PPA2"]
[Site "West Bromwich ENG"]
[Date "2003.05.24"]
[Round "9.6"]
[White "Dignam, Matthew"]
[Black "Crichton, Martin"]
[Result "0-1"]
[WhiteElo "2093"]
[BlackElo "1991"]
[PlyCount "176"]
[EventDate "2003.05.24"]

1. d4 Nf6 2. c4 c5 3. d5 b5 4. cxb5 a6 5. bxa6 Bxa6 6. Nc3 d6 7. g3 g6 8. Bg2
Bg7 9. Nf3 O-O 10. O-O Nbd7 11. Re1 Qc7 12. Qc2 Rfb8 13. b3 c4 14. Nd4 cxb3 15.
axb3 Qb6 16. e3 Ng4 17. Na4 Qb7 18. Rb1 Nde5 19. Rd1 Bd3 20. Rxd3 Nxd3 21. Nc6
Nxc1 {=} 22. Nxb8 Rxb8 23. Qxc1 Qb4 24. Qc7 Bf6 25. h3 Ne5 26. Nc3 Rb7 27. Qc8+
Kg7 28. Ne4 Rb8 29. Qc2 Nd7 30. Nxf6 Nxf6 31. e4 h6 32. Kh2 Rb5 33. Bf1 Rc5 34.
Bc4 Kh7 35. Qe2 Nd7 36. f4 Nb6 37. Rc1 Ra5 38. h4 h5 39. f5 Nd7 40. Qe1 Qa3 41.
fxg6+ fxg6 42. Qc3 Ra8 43. Be2 Ne5 44. Kh3 Qa2 45. Qc2 Kg7 46. g4 hxg4+ 47.
Bxg4 Qxc2 48. Rxc2 Rb8 49. Rc3 Rb4 50. Re3 Kf6 {=} 51. Kg3 Rd4 52. Be2 Rb4 53.
Kf4 Nf7 54. Bc4 Ne5 55. Rc3 Nd7 56. Rc2 Nc5 57. Rb2 Rxc4 58. Kf3 Rc3+ 59. Kg4
Nxe4 60. Kf4 Nc5 61. Rd2 Nxb3 62. Rh2 Rc4+ 63. Ke3 Rc3+ 64. Kf4 Nc5 65. h5 Rc4+
66. Kg3 gxh5 67. Rxh5 Re4 68. Kf3 Re5 69. Rh3 Kg5 70. Rh7 Kg6 71. Rh8 Rxd5 72.
Ke3 e5 73. Rf8 e4 74. Ke2 Rd3 75. Re8 Kf5 76. Rg8 d5 77. Rh8 Ne6 78. Rh5+ Kf4
79. Ke1 d4 80. Rh4+ Ke5 81. Rh5+ Kd6 82. Ra5 e3 83. Ra2 Rd2 84. Ra4 Kd5 85.
Ra5+ Ke4 86. Ra4 Nc5 87. Rc4 Kd5 88. Rc1 Nd3+ 0-1

[Event "4NCL/Div3/SLO2 vs. PPA2"]
[Site "West Bromwich ENG"]
[Date "2003.05.24"]
[Round "9.7"]
[White "Houska, Mario"]
[Black "Retallick, Lloyd"]
[Result "1/2-1/2"]
[WhiteElo "1656"]
[BlackElo "1856"]
[PlyCount "39"]
[EventDate "2003.05.24"]

1. e4 c6 2. Nf3 d5 3. exd5 cxd5 4. Be2 Nc6 5. O-O Nf6 6. d4 g6 7. c3 Bg7 8. Ne5
O-O 9. Nxc6 bxc6 10. Bf4 Bf5 11. Nd2 Nd7 12. Nf3 e5 13. Nxe5 Nxe5 14. Bxe5 Bxe5
15. dxe5 Re8 16. Qd4 Qe7 17. f4 f6 18. Bf3 fxe5 19. fxe5 Qxe5 20. Qa4 1/2-1/2

[Event "4NCL/Div3/SLO2 vs. PPA2"]
[Site "West Bromwich ENG"]
[Date "2003.05.24"]
[Round "9.8"]
[White "Smith, Robyn"]
[Black "Houska, Karla"]
[Result "1-0"]
[WhiteElo "1448"]
[BlackElo "1112"]
[PlyCount "45"]
[EventDate "2003.05.24"]

1. e4 d5 2. exd5 Qxd5 3. Nf3 Nf6 4. Be2 c6 5. O-O Bf5 6. c4 Qd8 7. d4 Qc7 8.
Nc3 Nbd7 9. Re1 Ng4 10. h3 h5 11. Bg5 Ngf6 12. a3 O-O-O 13. b4 e5 14. Qa4 exd4
15. Nxd4 Nb6 16. Qa5 Rxd4 {=} 17. Qxf5+ Kb8 18. Rad1 Ng4 {=} 19. hxg4 hxg4 20.
g3 Rxd1 21. Rxd1 g6 22. Qf6 Rg8 23. Bf4 1-0

[Event "4NCL/Div3/MKE vs. GUI3"]
[Site "West Bromwich ENG"]
[Date "2003.05.24"]
[Round "9.1"]
[White "Macdonald-Ross, Michael"]
[Black "Anderton, Matthew N"]
[Result "1/2-1/2"]
[WhiteElo "2201"]
[BlackElo "2202"]
[PlyCount "33"]
[EventDate "2003.05.24"]

1. d4 Nf6 2. Nf3 c5 3. d5 e6 4. Nc3 exd5 5. Nxd5 Nxd5 6. Qxd5 d6 7. Ng5 Qe7 8.
e4 h6 9. Bb5+ Nd7 10. Nf3 a6 11. Bxd7+ Qxd7 12. Bf4 Qe6 13. O-O-O Qxd5 14. Rxd5
Be6 15. Rd2 O-O-O 16. Rhd1 Kc7 17. h3 1/2-1/2

[Event "4NCL/Div3/MKE vs. GUI3"]
[Site "West Bromwich ENG"]
[Date "2003.05.24"]
[Round "9.2"]
[White "Norman, Kenneth I"]
[Black "Freeman, Richard CP"]
[Result "1/2-1/2"]
[WhiteElo "2141"]
[BlackElo "2066"]
[PlyCount "48"]
[EventDate "2003.05.24"]

1. Nf3 g6 2. c4 Bg7 3. d4 d6 4. Nc3 Bg4 5. e3 Nd7 6. Be2 e5 7. h3 Bxf3 8. Bxf3
Rb8 9. d5 f5 10. e4 Ne7 11. b4 O-O 12. Ba3 Nf6 13. O-O f4 14. c5 h5 15. Rc1 Qe8
16. cxd6 cxd6 17. b5 Rd8 18. h4 Bh6 19. Qe2 Rf7 20. Nb1 Nexd5 21. exd5 e4 22.
Nd2 exf3 23. Qxe8+ Rxe8 24. Nxf3 Nxd5 1/2-1/2

[Event "4NCL/Div3/MKE vs. GUI3"]
[Site "West Bromwich ENG"]
[Date "2003.05.24"]
[Round "9.3"]
[White "Smith, Graham M"]
[Black "Punnett, Alan K"]
[Result "1/2-1/2"]
[WhiteElo "2118"]
[BlackElo "2129"]
[PlyCount "84"]
[EventDate "2003.05.24"]

1. e4 e6 2. b3 d5 3. Bb2 dxe4 4. Nc3 Nf6 5. Qe2 Nbd7 6. g4 b6 7. g5 Nd5 8. Nxe4
Bb7 9. Nh3 Qe7 10. O-O-O O-O-O 11. Bg2 h6 12. c4 Nb4 13. a3 Na6 14. f4 Nac5 15.
Kc2 Kb8 16. d4 Nxe4 17. Bxe4 Bxe4+ 18. Qxe4 hxg5 19. Nxg5 Nf6 20. Qg2 Qe8 21.
Nf3 Qc6 22. Qe2 Bd6 23. Ne5 Bxe5 24. fxe5 Ne4 25. Rhe1 Rh4 26. Kb1 f5 27. exf6
gxf6 28. Qc2 f5 29. b4 b5 30. cxb5 Qxc2+ 31. Kxc2 Rxh2+ 32. Kb3 Rdh8 33. Rd3
Rg8 34. Bc1 Rgg2 35. Bf4 Rb2+ 36. Ka4 Rhc2 37. Rc1 Kb7 38. Rxc2 Rxc2 39. Kb3
Rf2 40. Be5 Nd2+ 41. Kc3 Ne4+ 42. Kb3 Nd2+ 1/2-1/2

[Event "4NCL/Div3/MKE vs. GUI3"]
[Site "West Bromwich ENG"]
[Date "2003.05.24"]
[Round "9.4"]
[White "Shepley, Julien M"]
[Black "Elwin, Adrian G"]
[Result "1-0"]
[WhiteElo "2131"]
[BlackElo "2031"]
[PlyCount "39"]
[EventDate "2003.05.24"]

1. d4 d5 2. Nf3 Nf6 3. e3 e6 4. Bd3 c5 5. c3 Nc6 6. Nbd2 Qc7 7. O-O Bd6 8. e4
dxe4 9. Nxe4 Nxe4 10. Bxe4 Ne7 11. Re1 f5 12. Bc2 O-O 13. dxc5 Bxc5 14. Bb3 Qb6
15. Be3 Rf6 16. Bxc5 Qxc5 17. Ng5 Nd5 18. Nxe6 Bxe6 19. Rxe6 Rxe6 20. Qxd5 1-0

[Event "4NCL/Div3/MKE vs. GUI3"]
[Site "West Bromwich ENG"]
[Date "2003.05.24"]
[Round "9.5"]
[White "Valentine, Brian J"]
[Black "Lang, Heather"]
[Result "1/2-1/2"]
[WhiteElo "1968"]
[BlackElo "2069"]
[PlyCount "110"]
[EventDate "2003.05.24"]

1. e4 e5 2. Nc3 Nf6 3. Bc4 Nc6 4. d3 Bc5 5. Nf3 a6 6. Bg5 h6 7. Be3 d6 8. O-O
Bg4 9. Nd5 Nd4 10. Bxd4 Bxd4 11. c3 Ba7 12. Qe2 Nxd5 13. Bxd5 c6 14. Bb3 Qf6
15. h3 Bh5 16. Bd1 O-O 17. Qd2 Rad8 18. Nh2 Bxd1 19. Raxd1 d5 20. Qe2 Qe6 21.
Nf3 Bb8 22. a3 g6 23. Rfe1 Rfe8 24. Qe3 Kg7 25. d4 dxe4 26. Qxe4 exd4 27. Qxe6
Rxe6 28. Rxe6 fxe6 29. Rxd4 Rxd4 30. Nxd4 Kf6 31. Kf1 Ke5 32. Ke2 c5 33. Nf3+
Kd5 34. g3 b5 35. Nd2 Bd6 36. Kd3 c4+ 37. Ke2 a5 38. Nf3 b4 39. axb4 axb4 40.
Kd2 Ke4 41. Ke2 bxc3 42. bxc3 Be7 43. Nd2+ Kd5 44. f3 Bf6 45. Ne4 Be5 46. Ke3 {
=} Kc6 47. Kd2 Bc7 48. Kd1 g5 49. Kd2 Kd5 50. Ke2 Bd8 51. Ke3 h5 52. g4 hxg4
53. hxg4 Ke5 54. Ke2 Kd5 55. Ke3 Ke5 1/2-1/2

[Event "4NCL/Div3/MKE vs. GUI3"]
[Site "West Bromwich ENG"]
[Date "2003.05.24"]
[Round "9.6"]
[White "Hill, David F"]
[Black "Kendall, Paul SW"]
[Result "0-1"]
[WhiteElo "2066"]
[BlackElo "1944"]
[PlyCount "96"]
[EventDate "2003.05.24"]

1. Nf3 Nf6 2. c4 e6 3. Nc3 d5 4. d4 Nbd7 5. cxd5 exd5 6. Bf4 c6 7. Qc2 Be7 8.
e3 Nf8 9. Bd3 Be6 10. h3 Bd6 11. O-O Ng6 12. Bxd6 Qxd6 13. Ng5 Bd7 14. Rae1 O-O
15. f4 c5 16. Qf2 c4 17. Bb1 Rfe8 18. f5 Nf8 19. e4 dxe4 20. Ngxe4 Nxe4 21.
Nxe4 Qd5 22. f6 g6 23. Nc3 Qh5 24. Be4 Rab8 25. d5 b5 26. Qf4 g5 27. Qg3 b4 28.
Nb1 Rb6 29. Nd2 Bb5 30. Nf3 h6 31. Qf2 c3 32. Bf5 Rxf6 33. Rxe8 Bxe8 34. Re1
Rxf5 35. g4 Rxf3 36. Qxf3 Qg6 37. bxc3 bxc3 38. Qxc3 Bb5 39. Qc5 a6 40. Rc1 Nd7
41. Qc8+ Kh7 42. Qe8 Nb6 43. Qe5 Qd3 44. a4 Bd7 45. Rf1 Kg8 46. Qd6 Qe3+ 47.
Kg2 Bxa4 48. Qxh6 Nxd5 {time} 0-1

[Event "4NCL/Div3/MKE vs. GUI3"]
[Site "West Bromwich ENG"]
[Date "2003.05.24"]
[Round "9.7"]
[White "Williamson, Kevin J"]
[Black "Allinson, Julian"]
[Result "0-1"]
[WhiteElo "1896"]
[BlackElo "1880"]
[PlyCount "66"]
[EventDate "2003.05.24"]

1. d4 c6 2. f4 Nf6 3. Nf3 d6 4. e3 g6 5. Nbd2 Bf5 6. Bd3 Bxd3 7. cxd3 Bg7 8.
O-O O-O 9. Qb3 Qb6 10. e4 Nbd7 11. Qxb6 axb6 12. Nb3 c5 13. Bd2 cxd4 14. Nfxd4
Nc5 15. Rf3 Nfd7 16. Bc3 Na4 17. Nd2 Rfc8 18. Nc4 Ndc5 19. f5 Nxe4 20. fxg6
hxg6 21. Nxb6 Nexc3 22. Nxc8 Bxd4+ 23. Kf1 Rxc8 24. bxc3 Nxc3 25. Re1 e5 26.
Rf6 Rc6 27. g4 Ra6 28. a3 Rxa3 29. Kg2 Ra2+ 30. Kh3 Nd5 31. Rxd6 Nf4+ 32. Kh4
Bf2+ 33. Kg5 Bxe1 0-1

[Event "4NCL/Div3/MKE vs. GUI3"]
[Site "West Bromwich ENG"]
[Date "2003.05.24"]
[Round "9.8"]
[White "Stimpson, Philip M"]
[Black "Dines, Sheila"]
[Result "1/2-1/2"]
[WhiteElo "1944"]
[BlackElo "1184"]
[PlyCount "89"]
[EventDate "2003.05.24"]

1. e4 e5 2. Bb5 c6 3. Ba4 Bc5 4. c3 Qh4 5. Qe2 Bxf2+ 6. Qxf2 Qxe4+ 7. Qe2 Qxa4
8. Qxe5+ Ne7 9. d4 f6 10. Qe2 Qa6 11. Bf4 Qxe2+ 12. Nxe2 O-O 13. O-O d5 14. Nd2
Ng6 15. Bg3 Bg4 16. Rae1 Nd7 17. Nf4 Nxf4 18. Rxf4 Bh5 19. Rff1 Rfe8 20. Bd6
Rxe1 21. Rxe1 Re8 22. Rxe8+ Bxe8 23. Nb3 b6 24. a4 Kf7 25. a5 Ke6 26. Ba3 Bg6
27. Kf2 Bc2 28. Na1 Ba4 29. b3 Bb5 30. axb6 axb6 31. Ke3 g5 32. Nc2 h5 33. Ne1
h4 34. Nf3 c5 35. dxc5 bxc5 36. b4 Kd6 37. bxc5+ Kc7 38. Kd4 Bc6 39. g3 hxg3
40. hxg3 Nf8 41. Ke3 Ne6 42. Nd4 Nxd4 43. cxd4 Kd7 44. Bb4 Ke6 45. Ba5 1/2-1/2

[Event "4NCL/Div3/3CS2 vs. BRI2"]
[Site "West Bromwich ENG"]
[Date "2003.05.24"]
[Round "9.1"]
[White "Taylor, Robert M"]
[Black "Rudd, Jack"]
[Result "0-1"]
[WhiteElo "2165"]
[BlackElo "2171"]
[PlyCount "96"]
[EventDate "2003.05.24"]

1. e4 e6 2. d4 d5 3. Nc3 Nf6 4. exd5 Nxd5 5. Ne4 Be7 6. Nf3 O-O 7. Be2 b6 8.
O-O Bb7 9. Ng3 c5 10. c4 Nf6 11. b3 Qc7 12. dxc5 Bxc5 13. Bb2 Nbd7 14. Qc2 Rad8
15. a3 Bxf3 16. Bxf3 Ne5 17. Bxe5 Qxe5 18. b4 Bd4 19. Rad1 Qc7 20. Ne2 Be5 21.
g3 Nd7 22. Be4 g6 23. f4 Bg7 24. Bf3 b5 25. c5 a6 26. Qb3 e5 27. Bd5 exf4 28.
Nxf4 Ne5 29. Nd3 Ng4 30. Nf2 Ne5 31. Ne4 Kh8 32. Nd6 f5 33. Bg2 h5 34. Qd5 Qe7
35. Rde1 Kh7 36. Qb7 Rd7 37. Qxa6 Rb8 38. a4 h4 39. axb5 hxg3 40. Qa3 gxh2+ 41.
Kh1 Qh4 42. Re3 Qd4 43. Rh3+ Bh6 44. Qc1 Ng4 45. Rf4 Rxd6 46. cxd6 Rc8 47. Qe1
Qxf4 48. Qe7+ Kh8 0-1

[Event "4NCL/Div3/3CS2 vs. BRI2"]
[Site "West Bromwich ENG"]
[Date "2003.05.24"]
[Round "9.2"]
[White "Dilleigh, Stephen P"]
[Black "Bentley, John L"]
[Result "1/2-1/2"]
[WhiteElo "2158"]
[BlackElo "2163"]
[PlyCount "52"]
[EventDate "2003.05.24"]

1. d4 Nf6 2. c4 g6 3. Nc3 Bg7 4. e4 d6 5. Be2 O-O 6. Bg5 c5 7. d5 b5 8. cxb5 a6
9. a4 Qa5 10. Bd2 Qb4 11. Qc2 axb5 12. Bxb5 Ba6 13. f3 c4 14. Nd1 Qc5 15. Be3
Qb4+ 16. Bd2 Qc5 17. Be3 Qc7 18. Nc3 Nfd7 19. Nge2 Nc5 20. O-O Rc8 21. Ra3 Nb3
22. Rd1 Nd7 23. Bxa6 Rxa6 24. Nb5 Qb7 25. Ned4 Nxd4 26. Bxd4 Ne5 1/2-1/2

[Event "4NCL/Div3/3CS2 vs. BRI2"]
[Site "West Bromwich ENG"]
[Date "2003.05.24"]
[Round "9.3"]
[White "Walton, Alan J"]
[Black "Easton, Alex"]
[Result "1/2-1/2"]
[WhiteElo "2138"]
[BlackElo "2123"]
[PlyCount "41"]
[EventDate "2003.05.24"]

1. d4 Nf6 2. Bg5 d5 3. Nc3 e6 4. e3 Be7 5. Bd3 b6 6. f4 Bb7 7. Nf3 Nbd7 8. Ne5
O-O 9. O-O Ne4 10. Bxe7 Qxe7 11. Nxd7 Qxd7 12. Nxe4 dxe4 13. Be2 Rad8 14. c3 c5
15. dxc5 Qc6 16. Qc1 Qxc5 17. b4 Qe7 18. Rd1 e5 19. fxe5 Qxe5 20. Rd4 Rxd4 21.
cxd4 1/2-1/2

[Event "4NCL/Div3/3CS2 vs. BRI2"]
[Site "West Bromwich ENG"]
[Date "2003.05.24"]
[Round "9.4"]
[White "Boyce, G Michael"]
[Black "Shaw, David A"]
[Result "1/2-1/2"]
[WhiteElo "2008"]
[BlackElo "2178"]
[PlyCount "65"]
[EventDate "2003.05.24"]

1. c4 e6 2. Nf3 d5 3. g3 Nf6 4. Bg2 Be7 5. O-O O-O 6. b3 Nbd7 7. Bb2 b6 8. e3
Bb7 9. Qe2 c5 10. Rd1 Qc7 11. Nc3 Rac8 12. Rac1 Qb8 13. d4 cxd4 14. exd4 Ba6
15. Nb5 Rfe8 16. Ne5 Bxb5 17. cxb5 Nxe5 18. dxe5 Nd7 19. Rc6 Qb7 20. Rdc1 Nb8
21. R6c2 Qd7 22. a3 Rc5 23. b4 Rcc8 24. Bd4 Red8 25. Bf1 Qb7 26. Qd3 g6 27. Rc3
Bg5 28. f4 Be7 29. Qc2 Rxc3 30. Qxc3 Kf8 31. Bd3 Ke8 32. h4 Kd7 33. Kf2 1/2-1/2

[Event "4NCL/Div3/3CS2 vs. BRI2"]
[Site "West Bromwich ENG"]
[Date "2003.05.24"]
[Round "9.5"]
[White "Adams, Phil"]
[Black "Hardy, Roger"]
[Result "1/2-1/2"]
[WhiteElo "2056"]
[BlackElo "2022"]
[PlyCount "45"]
[EventDate "2003.05.24"]

1. e4 c6 2. d4 d5 3. exd5 cxd5 4. c4 Nf6 5. Nc3 Nc6 6. Nf3 Be6 7. c5 g6 8. Bb5
Bg7 9. Ne5 Bd7 10. Bxc6 Bxc6 11. O-O O-O 12. Re1 Nd7 13. Nxc6 bxc6 14. Bf4 e5
15. Bxe5 Bxe5 16. dxe5 Nxc5 17. b4 Ne6 18. b5 Qa5 19. Rc1 Rfd8 20. bxc6 Rac8
21. Qa4 Qxa4 22. Nxa4 d4 23. Nc5 1/2-1/2

[Event "4NCL/Div3/3CS2 vs. BRI2"]
[Site "West Bromwich ENG"]
[Date "2003.05.24"]
[Round "9.6"]
[White "Humphreys, Jerry"]
[Black "English, Ray"]
[Result "1-0"]
[WhiteElo "2066"]
[BlackElo "2016"]
[PlyCount "63"]
[EventDate "2003.05.24"]

1. e4 d5 2. exd5 Nf6 3. d4 Nxd5 4. Nf3 g6 5. c4 Nb6 6. h3 Bg7 7. Be3 O-O 8. Nc3
Nc6 9. Be2 e5 10. d5 Ne7 11. Qd2 Nf5 12. Rd1 Nxe3 13. Qxe3 f5 14. O-O f4 15.
Qc5 Bf5 {=} 16. Bd3 Nd7 17. Qa3 b6 18. Rfe1 a5 19. Bxf5 gxf5 20. d6 c6 21. Qa4
Rc8 22. Qc2 Kh8 23. a3 e4 24. Nd4 Bxd4 25. Rxd4 Qg5 26. Nxe4 fxe4 27. Rdxe4 Rg8
28. f3 Nf6 29. Re7 Rcf8 30. R1e6 Qh4 31. d7 Qxh3 32. Rxf6 1-0

[Event "4NCL/Div3/3CS2 vs. BRI2"]
[Site "West Bromwich ENG"]
[Date "2003.05.24"]
[Round "9.7"]
[White "Whitworth, Philip"]
[Black "Macarthur, James"]
[Result "1-0"]
[WhiteElo "1944"]
[BlackElo "1440"]
[PlyCount "107"]
[EventDate "2003.05.24"]

1. e4 c5 2. Nc3 Nc6 3. g3 Nf6 4. Bg2 e6 5. d3 d5 6. Bg5 d4 7. Nce2 h6 8. Bd2 e5
9. f4 Bd6 10. h3 Qc7 11. f5 b6 12. Nf3 Ba6 13. b3 O-O-O 14. O-O b5 15. a4 b4
16. g4 Na5 17. Ng3 Qc6 18. g5 hxg5 19. Bxg5 Rde8 20. Nh2 Be7 21. Ng4 Nxg4 22.
Qxg4 f6 23. Bd2 Bxd3 24. cxd3 Nxb3 25. Ra2 Nxd2 26. Rxd2 Qxa4 27. Qe2 a5 28.
Ra2 Qb5 29. Qd2 Bd8 30. Rb1 Bb6 31. Nf1 Kd7 32. Qc2 Ra8 33. Qa4 Kc6 34. Qxb5+
Kxb5 35. Nd2 a4 36. Nc4 Kc6 37. Rba1 a3 38. Rb1 Rh6 39. Kh2 Rah8 40. Rxa3 bxa3
41. Rxb6+ Kc7 42. Ra6 a2 43. Rxa2 g5 44. fxg6 Rxg6 45. Bf3 Rb8 46. Ra3 Kd8 47.
Bg4 Ke7 48. Kg3 Rg5 49. Kf3 Rb7 50. Ra5 Rc7 51. Nb6 Kf7 52. Nd5 Rc6 53. Ra7+
Ke8 54. Bd7+ 1-0

[Event "4NCL/Div3/3CS2 vs. BRI2"]
[Site "West Bromwich ENG"]
[Date "2003.05.24"]
[Round "9.8"]
[White "Parmar, Amisha"]
[Black "Roberts, Elizabeth H"]
[Result "0-1"]
[WhiteElo "1048"]
[BlackElo "1472"]
[PlyCount "96"]
[EventDate "2003.05.24"]

1. e4 e5 2. f4 Nf6 3. Nc3 d5 4. fxe5 Nxe4 5. Nf3 Bc5 6. d4 Bb4 7. Bd2 Bg4 8.
Bb5+ c6 9. Ba4 Qa5 10. Bb3 Nxc3 11. Bxc3 Bxc3+ 12. bxc3 Qxc3+ 13. Kf2 Nd7 14.
Qd2 Qxd2+ 15. Nxd2 O-O 16. Rhe1 Rae8 17. c4 Nb6 18. Rac1 Be6 19. cxd5 Bxd5 20.
Bxd5 Nxd5 21. Rb1 Re7 22. Ne4 f6 23. exf6 Nxf6 24. Nxf6+ Rxf6+ 25. Kg1 Rxe1+
26. Rxe1 Kf7 27. Rb1 b6 28. Rb4 Ke6 29. Ra4 a5 30. Ra3 Kd5 31. Rg3 Rg6 32. Rb3
b5 33. Ra3 a4 34. Rh3 h6 35. Rh4 Rf6 36. g3 g5 37. Rg4 Rf5 38. h4 b4 39. hxg5
hxg5 40. Kg2 b3 41. axb3 axb3 42. Kh3 b2 43. Kg2 b1=Q 44. Rxg5 Rxg5 45. Kf3
Qe4+ 46. Kf2 Rf5+ 47. Kg1 Qe2 48. Kh1 Rf1# 0-1

[Event "4NCL/Div3/WRO2 vs. SCS"]
[Site "West Bromwich ENG"]
[Date "2003.05.24"]
[Round "9.1"]
[White "Townsend, M Paul"]
[Black "Greet, Andrew N"]
[Result "0-1"]
[WhiteElo "2220"]
[BlackElo "2282"]
[PlyCount "84"]
[EventDate "2003.05.24"]

1. d4 Nf6 2. c4 e6 3. g3 d5 4. Bg2 dxc4 5. Nf3 Bd7 6. O-O Bc6 7. Nbd2 b5 8. a4
a6 9. e4 Nbd7 10. d5 exd5 11. e5 Ng4 12. Nd4 Ngxe5 13. Re1 Bb7 14. f4 Bc5 15.
N2f3 O-O 16. fxe5 Re8 17. Kh1 Bxd4 18. Qxd4 c5 19. Qg4 Nf8 20. Bh6 Ng6 21. Bg5
Qb6 22. axb5 axb5 23. Rxa8 Bxa8 24. h4 Bb7 25. Qd7 Bc6 26. Qf5 Qc7 27. e6 fxe6
28. Rxe6 Rf8 29. Qc2 d4 30. h5 Bxf3 31. hxg6 Qxg3 32. gxh7+ Kh8 33. Be7 Qh3+
34. Kg1 Qxe6 35. Bxf8 Qe1+ 36. Bf1 d3 37. Qh2 Qe3+ 38. Qf2 Qg5+ 39. Kh2 Qf4+
40. Kg1 Qg5+ 41. Kh2 Qf4+ 42. Kg1 d2 0-1

[Event "4NCL/Div3/WRO2 vs. SCS"]
[Site "West Bromwich ENG"]
[Date "2003.05.24"]
[Round "9.2"]
[White "Dickinson, Timothy R"]
[Black "Keely, Leo"]
[Result "1-0"]
[WhiteElo "2188"]
[BlackElo "2153"]
[PlyCount "107"]
[EventDate "2003.05.24"]

1. e4 e5 2. Nf3 Nc6 3. Bb5 a6 4. Ba4 Nf6 5. O-O Nxe4 6. d4 b5 7. Bb3 d5 8. dxe5
Be6 9. Nbd2 Nc5 10. c3 Be7 11. Bc2 d4 12. Nb3 dxc3 13. bxc3 Bc4 14. Re1 Qxd1
15. Rxd1 Rd8 16. Nbd4 Bd5 17. Bf4 Nxd4 18. Nxd4 Ne6 19. Be3 Nxd4 20. cxd4 O-O
21. Bb3 Ba3 22. Bc1 Bb4 23. Bd2 Bxb3 24. axb3 Rxd4 25. Bxb4 Rxb4 26. Rxa6 Rxb3
27. Rc6 b4 28. Rxc7 Rc3 29. Rb7 b3 30. f3 g6 {=} 31. e6 fxe6 32. Rdd7 Rfc8 33.
Rg7+ Kh8 34. Rxh7+ Kg8 35. Rhg7+ Kh8 36. Rge7 Rc1+ 37. Kf2 R1c2+ 38. Kg3 b2 39.
Rxe6 R8c7 40. Reb6 Rxb7 41. Rxb7 g5 42. Kh3 Rf2 43. g3 Rxf3 44. Kg4 Rf2 45.
Kxg5 Rc2 46. g4 Kg8 47. h3 Kf8 48. Kh5 Ke8 49. g5 Kd8 50. g6 Kc8 51. Rb4 Kd7
52. g7 Rc5+ 53. Kh6 Rc6+ 54. Kh7 1-0

[Event "4NCL/Div3/WRO2 vs. SCS"]
[Site "West Bromwich ENG"]
[Date "2003.05.24"]
[Round "9.3"]
[White "Lim, Chin-Lee"]
[Black "Heaton, Robert"]
[Result "1-0"]
[WhiteElo "2060"]
[BlackElo "2132"]
[PlyCount "85"]
[EventDate "2003.05.24"]

1. d4 f5 2. Nf3 Nf6 3. g3 g6 4. Bg2 Bg7 5. O-O O-O 6. c4 d6 7. Nc3 Qe8 8. d5
Nbd7 9. Nb5 Qd8 10. Be3 Nb6 11. Rc1 c5 12. dxc6 bxc6 13. Ng5 Bd7 14. Nd4 Qc8
15. b4 h6 16. Ngf3 Ne4 17. Nd2 e5 18. Nxe4 exd4 19. Nxd6 Qc7 20. Bxd4 Qxd6 21.
Bxb6 Qxd1 22. Rfxd1 axb6 23. Rxd7 Rxa2 24. Bxc6 Rxe2 25. Bf3 Rb2 26. Ra1 Rd2
27. Rxd2 Bxa1 28. c5 bxc5 29. bxc5 Rc8 30. c6 Rc7 31. Rd6 Kg7 32. Kf1 Bc3 33.
Ke2 Bf6 34. Kd3 Be7 35. Re6 Bc5 36. Re2 Kf6 37. Kc4 Bd6 38. Kd5 Ba3 39. Ra2 Be7
40. Ra8 g5 41. Be2 Bb4 42. Rb8 Be7 43. Rb7 1-0

[Event "4NCL/Div3/WRO2 vs. SCS"]
[Site "West Bromwich ENG"]
[Date "2003.05.24"]
[Round "9.4"]
[White "Lutton, E Josiah"]
[Black "Arnott, Jonathan W"]
[Result "0-1"]
[WhiteElo "2032"]
[BlackElo "2094"]
[PlyCount "62"]
[EventDate "2003.05.24"]

1. Nc3 e6 2. e4 d5 3. d4 h6 4. Bd3 c5 5. exd5 exd5 6. dxc5 Nc6 7. Bb5 d4 8.
Bxc6+ bxc6 9. Ne4 Bxc5 10. Nxc5 Qa5+ 11. c3 dxc3 12. b4 Qxb4 13. Nb3 Ba6 14.
Qd4 Qb5 15. Qe3+ Ne7 16. Ne2 O-O 17. Nbd4 Qh5 18. Qxc3 c5 19. Qa5 Bd3 20. Be3
Nc6 21. Nf4 Nxa5 22. Nxh5 cxd4 23. Bxd4 Rfe8+ 24. Kd2 Bg6 25. Ng3 Rad8 26. Kc3
Rc8+ 27. Kb2 Rc2+ 28. Ka3 Nc4+ 29. Ka4 Rb8 30. Rhc1 f6 31. Re1 Rd2 0-1

[Event "4NCL/Div3/WRO2 vs. SCS"]
[Site "West Bromwich ENG"]
[Date "2003.05.24"]
[Round "9.5"]
[White "Cumbers, Paul"]
[Black "Partington, Anna G"]
[Result "1/2-1/2"]
[WhiteElo "2040"]
[BlackElo "2058"]
[PlyCount "91"]
[EventDate "2003.05.24"]

1. e4 c6 2. d4 d5 3. e5 c5 4. dxc5 Nc6 5. Bb5 e6 6. Qg4 Qc7 7. Nf3 Nge7 8. O-O
Bd7 9. Bxc6 Nxc6 10. Re1 Qa5 11. c3 Qxc5 12. Be3 Qa5 13. Nbd2 Qc7 14. Bg5 Qb6
15. b4 a5 16. a3 Qa6 17. Rab1 b5 18. c4 dxc4 19. Nxc4 bxc4 20. b5 Qb7 21. bxc6
Qxc6 22. Rec1 c3 23. Rb3 c2 24. Nd4 Qd5 25. Rxc2 Bc5 26. Rd3 Qxe5 27. Re2 Qc7
28. Nxe6 Bxe6 29. Rxe6+ fxe6 30. Qxe6+ Be7 31. Re3 Ra7 32. Bxe7 Qxe7 33. Qc8+
Kf7 34. Rxe7+ Rxe7 35. Qf5+ Kg8 36. Qc8+ Kf7 37. Qf5+ Ke8 38. h4 Rf8 39. Qb5+
Kf7 40. Qxa5 Rfe8 41. g3 h6 42. a4 Kg8 43. Kg2 Re5 44. Qc3 R5e7 45. Qc4+ Kh8
46. Qc5 1/2-1/2

[Event "4NCL/Div3/WRO2 vs. SCS"]
[Site "West Bromwich ENG"]
[Date "2003.05.24"]
[Round "9.6"]
[White "Bland, David"]
[Black "White, Mark W"]
[Result "1/2-1/2"]
[WhiteElo "1712"]
[BlackElo "2104"]
[PlyCount "61"]
[EventDate "2003.05.24"]

1. Nf3 Nf6 2. d4 e6 3. e3 b6 4. Bd3 Bb7 5. O-O c5 6. c4 Be7 7. Nc3 cxd4 8. exd4
O-O 9. d5 d6 10. Nd4 e5 11. Nf5 Na6 12. Qf3 Bc8 13. Qg3 Bxf5 14. Bxf5 g6 15.
Bg4 Nc5 16. f4 Nxg4 17. Qxg4 f5 18. Qe2 e4 19. Be3 Nd3 20. Nd1 Bf6 21. Rb1 Qc8
22. b3 Qb7 23. Nf2 {=} Nxf2 24. Qxf2 Rfe8 25. Rfd1 Rac8 26. Qe2 Qg7 27. Qd2 h6
28. Kh1 Kh7 29. Rf1 Bc3 30. Qf2 Rf8 31. h4 1/2-1/2

[Event "4NCL/Div3/WRO2 vs. SCS"]
[Site "West Bromwich ENG"]
[Date "2003.05.24"]
[Round "9.7"]
[White "Shaw, Peter"]
[Black "Miller, Naomi K"]
[Result "1-0"]
[WhiteElo "1984"]
[BlackElo "1616"]
[PlyCount "47"]
[EventDate "2003.05.24"]

1. d4 Nf6 2. Nf3 g6 3. Bf4 Bg7 4. e3 O-O 5. h3 c5 6. Be2 cxd4 7. exd4 Nc6 8. c3
d5 9. O-O Re8 10. Nbd2 Nd7 11. Re1 e5 12. dxe5 Ndxe5 13. Nxe5 Bxe5 14. Bxe5
Nxe5 15. Nf3 Nc4 16. Bxc4 dxc4 17. Rxe8+ Qxe8 18. Qd4 b5 19. Re1 Qc6 20. Qd8+
Kg7 21. Re8 Qc5 22. Rg8+ Kh6 23. Qh4+ Qh5 24. Qf4+ 1-0